000 00901nam a2200265Ia 4500
005 20220317000605.0
008 160601s2005 ck a g 000 0 spa
020 _a9589520928
100 1 _aMárquez Cristo, Gonzalo
_d1963-
245 1 3 _aLa palabra liberada
_cGonzalo Márquez Cristo; obra pictórica Angel Loochkartt
250 _a2a edición
300 _a57 páginas
_bilustraciones
_c21 cm
490 _aColección Los conjurados
_pPoesía
500 _aIncluye datos biográficos
650 1 4 _2LEMB
_aPoesía colombiana
_ySiglo XX
650 1 4 _2LEMB
_aLiteratura colombiana
_ySiglo XX
650 1 4 _2LEMB
_aAmor en la poesía
942 _2loc
_cBKLIT
264 _aBogotá
_bComún Presencia
_c2005
336 _atexto
_btxt
_2rdacontent
337 _asin mediación
_bn
_2rdamedia
338 _avolumen
_bnc
_2rdacarrier
040 _aCO-BoRNBP
_bspa
_erda
_cCO-BoRNBP
084 _aP MAR20
999 _c4490
_d4490